[Event "CRI-chT"]
[Site "San Jose"]
[Date "2012.07.26"]
[Round "5.5"]
[White "Charpentier Morales, William"]
[Black "Leyva, Hector"]
[Result "0-1"]
[WhiteElo "2216"]
[BlackElo "2389"]
[PlyCount "82"]
[EventDate "2012.07.22"]
[EventType "team-tourn"]
[EventRounds "9"]
[EventCountry "CRI"]
[SourceTitle "EXT 2013"]
[Source "ChessBase"]
[SourceDate "2012.11.22"]
[SourceVersion "1"]
[SourceVersionDate "2012.11.22"]
[SourceQuality "1"]
[WhiteTeam "Mapache"]
[BlackTeam "MegaSuper"]
[WhiteTeamCountry "CRI"]
[BlackTeamCountry "CRI"]

1. e4 c5 2. Nf3 d6 3. d4 cxd4 4. Qxd4 Nc6 5. Bb5 Bd7 6. Bxc6 Bxc6 7. Nc3 Nf6 8. Bg5 e6 9. 0-0-0 Be7 10. Rhe1 0-0 11. Kb1 h6 12. Bh4 Re8 13. Qd2 Rc8 14. h3 b5 15. Nd4 b4 16. Nxc6 Rxc6 17. Nb5 Qa5 18. Nd4 Ra6 19. a3 Rb8 20. f4 Qa4 21. Re3 bxa3 22. b3 a2+ 23. Ka1 Qe8 24. Qe2 Rab6 25. Qe1 e5 26. fxe5 dxe5 27. Nf5 Bb4 28. Qg3 Nh5 29. Qg4 Qc6 30. c4 Qg6 31. Qf3 Nf4 32. g4 Kh7 33. Be7 Qe6 34. Bxb4 Rxb4 35. Rd6 Qc8 36. Qd1 Rxc4 37. Kxa2 Rc2+ 38. Kb1 Rc3 39. Rxc3 Qxc3 40. Ka2 Rb5 41. Ra6 Nd3 0-1

[Event "CRI-ch"]
[Site "San Jose"]
[Date "2004.07.05"]
[Round "1"]
[White "Carvajal Gorgona, Jonathan G"]
[Black "Charpentier Morales, William"]
[Result "0-1"]
[WhiteElo "2087"]
[BlackElo "2223"]
[PlyCount "72"]
[EventDate "2004.07.05"]
[EventType "tourn"]
[EventRounds "13"]
[EventCountry "CRI"]
[SourceTitle "EXT 2005"]
[Source "ChessBase"]
[SourceDate "2004.11.15"]
[SourceVersion "1"]
[SourceVersionDate "2004.11.15"]
[SourceQuality "1"]

1. e4 Nf6 2. Nc3 e5 3. Bc4 Nxe4 4. Qh5 Nd6 5. Bb3 Nc6 6. Nb5 g6 7. Qf3 f5 8. Qd5 Qf6 9. Nxc7+ Kd8 10. Nxa8 b6 11. d3 Bb7 12. h4 h6 13. Nxb6 axb6 14. Qf3 Nd4 15. Qh3 e4 16. Ne2 Nxe2 17. Kxe2 exd3+ 18. cxd3 Nb5 19. Rd1 Bc5 20. Kf1 f4 21. d4 Nxd4 22. Bd2 f3 23. g3 Ba6+ 24. Kg1 Rh7 25. Bg8 Rh8 26. Bb3 d6 27. Be1 Ne2+ 28. Kh1 Bc8 29. g4 h5 30. g5 Qf4 31. Qh2 Rf8 32. Bd2 Qxh2+ 33. Kxh2 Bxf2 34. Bd5 Bg3+ 35. Kh1 Bh3 36. Bxf3 Rxf3 0-1

[Event "CRI-ch 67th"]
[Site "Cenfotec"]
[Date "2003.06.21"]
[Round "8"]
[White "Charpentier Morales, William"]
[Black "Leandro Perez, Jhonny"]
[Result "1-0"]
[WhiteElo "2210"]
[BlackElo "2113"]
[PlyCount "39"]
[EventDate "2003.06.13"]
[EventType "swiss"]
[EventRounds "11"]
[EventCountry "CRI"]
[SourceTitle "CBM 094 Extra"]
[Source "ChessBase"]
[SourceDate "2003.07.09"]
[SourceVersion "2"]
[SourceVersionDate "2003.07.09"]
[SourceQuality "1"]

1. e4 c5 2. Nf3 d6 3. d4 cxd4 4. Nxd4 Nf6 5. Nc3 a6 6. Bg5 e6 7. f4 Be7 8. Qf3 Qc7 9. 0-0-0 Nbd7 10. Bd3 h6 11. Bh4 g5 12. e5 dxe5 13. Nxe6 fxe6 14. Bg6+ Kd8 15. fxg5 Ne8 16. Ne4 Rf8 17. Qxf8 Bxf8 18. gxh6+ Be7 19. h7 b5 20. h8Q 1-0

[Event "CRI-ch"]
[Site "San Jose"]
[Date "2002.??.??"]
[Round "10"]
[White "Charpentier Morales, William"]
[Black "Vega Araya, Edwin"]
[Result "1-0"]
[WhiteElo "2229"]
[BlackElo "2006"]
[PlyCount "87"]
[EventDate "2002.06.??"]
[EventType "swiss"]
[EventRounds "11"]
[EventCountry "CRI"]
[SourceTitle "EXT 2007"]
[Source "ChessBase"]
[SourceDate "2006.11.23"]
[SourceVersion "1"]
[SourceVersionDate "2006.11.23"]
[SourceQuality "1"]

1. e4 c5 2. Nf3 Nc6 3. Nc3 g6 4. d4 cxd4 5. Nxd4 Bg7 6. Be3 d6 7. Bc4 Nf6 8. f3 0-0 9. Bb3 Qa5 10. Qd2 Bd7 11. h4 h5 12. 0-0-0 Rfc8 13. Kb1 Ne5 14. Bh6 Bh8 15. Nd5 Qd8 16. Nf5 Nxd5 17. Bxd5 Be6 18. Bxe6 fxe6 19. Nd4 Qe8 20. g4 Qf7 21. gxh5 gxh5 22. f4 Ng4 23. Bg5 Bf6 24. f5 Bxd4 25. Qxd4 e5 26. Qd2 Rc5 27. Rde1 Rac8 28. c3 Ra5 29. b3 Ra6 30. Rhf1 Rac6 31. Rf3 Nf6 32. Bxf6 Qxf6 33. Rg1+ Kf7 34. Rg6 Qxh4 35. Qd5+ Ke8 36. Rg8+ Kd7 37. Qe6+ Kc7 38. Rxc8+ Kb6 39. Rxc6+ bxc6 40. Qc4 Qe1+ 41. Kc2 h4 42. Rf1 Qg3 43. Qe2 h3 44. Qf2+ 1-0

[Event "CRI-ch"]
[Site "San Jose"]
[Date "2002.??.??"]
[Round "9"]
[White "Murillo Tsijli, Alexis"]
[Black "Charpentier Morales, William"]
[Result "1-0"]
[WhiteElo "2377"]
[BlackElo "2229"]
[PlyCount "107"]
[EventDate "2002.06.??"]
[EventType "swiss"]
[EventRounds "11"]
[EventCountry "CRI"]
[SourceTitle "EXT 2007"]
[Source "ChessBase"]
[SourceDate "2006.11.23"]
[SourceVersion "1"]
[SourceVersionDate "2006.11.23"]
[SourceQuality "1"]

1. e4 c5 2. Nf3 Nc6 3. d4 cxd4 4. Nxd4 e5 5. Nb5 d6 6. N1c3 a6 7. Na3 Nf6 8. Bg5 h6 9. Bxf6 gxf6 10. Nc4 f5 11. exf5 Bxf5 12. Ne3 Be6 13. Bc4 Bxc4 14. Nxc4 Nd4 15. Ne3 Qg5 16. Ncd5 0-0-0 17. Qd3 Kb8 18. c3 Ne6 19. 0-0-0 Nf4 20. Qe4 Ne6 21. h4 Qg6 22. Qxg6 fxg6 23. h5 Rg8 24. g3 Nc5 25. Nf6 Rg7 26. b4 Ne6 27. Ne4 Be7 28. Kc2 Ng5 29. Nxg5 Bxg5 30. Nc4 Kc7 31. hxg6 Rxg6 32. Rhe1 Rf6 33. Re2 Rdf8 34. Rf1 Rf3 35. a4 Rxg3 36. Nxd6 Rg4 37. Ne4 Bf4 38. Nc5 Rg6 39. Rd1 Rf7 40. Rh1 Rf5 41. Re4 Kc6 42. Rc4 b5 43. axb5+ axb5 44. Re4 Rg2 45. Re2 h5 46. Ne4 Rh2 47. Ra1 h4 48. Kb3 Rf8 49. Ra6+ Kc7 50. Ra7+ Kc6 51. Rea2 Rh1 52. R2a6+ Kd5 53. f3 Rb1+ 54. Ka2 1-0

[Event "CRI-ch"]
[Site "San Jose"]
[Date "2002.??.??"]
[Round "11"]
[White "Ramirez Alvarez, Alejandro"]
[Black "Charpentier Morales, William"]
[Result "1-0"]
[WhiteElo "2288"]
[BlackElo "2229"]
[PlyCount "74"]
[EventDate "2002.06.??"]
[EventType "swiss"]
[EventRounds "11"]
[EventCountry "CRI"]
[SourceTitle "EXT 2007"]
[Source "ChessBase"]
[SourceDate "2006.11.23"]
[SourceVersion "1"]
[SourceVersionDate "2006.11.23"]
[SourceQuality "1"]

1. e4 d5 2. exd5 Qxd5 3. Nc3 Qa5 4. d4 c6 5. Nf3 Bf5 6. Bc4 e6 7. Bd2 Qc7 8. Qe2 Be7 9. 0-0-0 Nf6 10. Rhe1 b5 11. Bb3 a5 12. a4 b4 13. Nb1 Nbd7 14. Ne5 Nb6 15. g4 Bg6 16. f4 Nfd5 17. Qf3 Qc8 18. h4 Bxh4 19. f5 Bxe1 20. Rxe1 0-0 21. fxg6 fxg6 22. Qh3 Nd7 23. g5 Nxe5 24. dxe5 Rf5 25. Bc4 Qc7 26. Bd3 Rxe5 27. Rh1 Rf5 28. Qxh7+ Kf7 29. Bxf5 exf5 30. Qh2 Qxh2 31. Rxh2 Re8 32. c4 Nb6 33. b3 Re5 34. Rf2 Nd7 35. Kc2 Nc5 36. Bf4 Ne4 37. Rf3 Re6 1-0

[Event "CRI-ch"]
[Site "San Jose"]
[Date "2001.06.28"]
[Round "3"]
[White "Charpentier Morales, William"]
[Black "Minero Pineda, Sergio"]
[Result "0-1"]
[WhiteElo "2236"]
[BlackElo "2412"]
[PlyCount "120"]
[EventDate "2001.05.26"]
[EventType "swiss"]
[EventRounds "13"]
[EventCountry "CRI"]
[SourceTitle "CBM 082 Extra"]
[Source "ChessBase"]
[SourceDate "2001.07.03"]
[SourceVersion "1"]
[SourceVersionDate "2001.07.03"]
[SourceQuality "1"]

1. d4 Nf6 2. c4 g6 3. Nc3 Bg7 4. e4 d6 5. f4 0-0 6. Nf3 c5 7. d5 e6 8. Be2 exd5 9. cxd5 Bg4 10. h3 Bxf3 11. Bxf3 Nbd7 12. 0-0 Re8 13. g4 h6 14. h4 h5 15. g5 Ng4 16. Bxg4 hxg4 17. Re1 c4 18. Qxg4 Nc5 19. h5 Bxc3 20. bxc3 Nxe4 21. hxg6 fxg6 22. Be3 Qc8 23. Qxc8 Raxc8 24. Bd4 Ng3 25. Kf2 Nf5 26. Bf6 Rxe1 27. Rxe1 Rc5 28. Re8+ Kf7 29. Rb8 b5 30. Rb7+ Ke8 31. Rxa7 Rxd5 32. Rb7 Rd2+ 33. Kf3 Rxa2 34. Rxb5 Kd7 35. Rb4 d5 36. Be5 Ra3 37. Rb7+ Kc6 38. Rc7+ Kb6 39. Rc8 Kb5 40. Rb8+ Kc5 41. Kf2 Ra2+ 42. Ke1 Ra6 43. Rg8 Kb5 44. Kd2 Kc5 45. Bf6 Ra2+ 46. Kc1 d4 47. Rc8+ Kb5 48. cxd4 Ne3 49. Be7 Rc2+ 50. Kb1 Rd2 51. Rc5+ Ka4 52. f5 gxf5 53. g6 Rd1+ 54. Kb2 Rd2+ 55. Kb1 Rg2 56. Re5 f4 57. Bg5 Kb3 58. Rb5+ Kc3 59. g7 Rg1+ 60. Ka2 Nc2 0-1

[Event "CRI-ch"]
[Site "San Jose"]
[Date "2001.06.27"]
[Round "2"]
[White "Rodriguez, Adrian"]
[Black "Charpentier Morales, William"]
[Result "0-1"]
[WhiteElo "2187"]
[BlackElo "2236"]
[PlyCount "78"]
[EventDate "2001.05.26"]
[EventType "swiss"]
[EventRounds "13"]
[EventCountry "CRI"]
[SourceTitle "CBM 082 Extra"]
[Source "ChessBase"]
[SourceDate "2001.07.03"]
[SourceVersion "1"]
[SourceVersionDate "2001.07.03"]
[SourceQuality "1"]

1. d4 Nf6 2. c4 e6 3. Nc3 c5 4. d5 exd5 5. cxd5 d6 6. e4 g6 7. f4 Nfd7 8. Nf3 a6 9. a4 Bg7 10. Bd3 0-0 11. 0-0 Qc7 12. Be3 Re8 13. Re1 b6 14. Rc1 Nf8 15. h3 Nbd7 16. Bf2 Qb8 17. Re2 Bb7 18. Qe1 Nf6 19. g4 N8d7 20. Bc4 b5 21. axb5 Nb6 22. Bd3 Nfd7 23. f5 Ne5 24. Nxe5 Bxe5 25. bxa6 Bxa6 26. Bxa6 Rxa6 27. Bg3 Nc4 28. Bxe5 Nxe5 29. Qg3 Rb6 30. Rcc2 Rb3 31. f6 h6 32. Rf2 Qb4 33. Qf4 Kh7 34. Rcd2 Nc4 35. Rc2 Re5 36. Qc1 Nxb2 37. Na2 Qxe4 38. Rxb2 Rxh3 39. Rg2 Qd4+ 0-1

[Event "CRI-ch"]
[Site "San Jose"]
[Date "2001.06.16"]
[Round "13"]
[White "Arias Santana, Mauricio"]
[Black "Charpentier Morales, William"]
[Result "1/2-1/2"]
[WhiteElo "2207"]
[BlackElo "2236"]
[PlyCount "110"]
[EventDate "2001.05.26"]
[EventType "swiss"]
[EventRounds "13"]
[EventCountry "CRI"]
[SourceTitle "CBM 082 Extra"]
[Source "ChessBase"]
[SourceDate "2001.07.03"]
[SourceVersion "1"]
[SourceVersionDate "2001.07.03"]
[SourceQuality "1"]

1. e4 e5 2. Nf3 Nf6 3. Nxe5 d6 4. Nf3 Nxe4 5. d4 d5 6. Bd3 Be7 7. 0-0 Nc6 8. Re1 Bg4 9. c4 Nf6 10. cxd5 Nxd5 11. Nc3 0-0 12. h3 Be6 13. Be3 Bf6 14. Be4 Ncb4 15. Bd2 Nc6 16. Qc2 h6 17. Rad1 Nxc3 18. bxc3 Bd5 19. Bd3 Rb8 20. Nh2 Bg5 21. f4 Bh4 22. Rf1 b5 23. Ng4 Na5 24. Ne5 Bf6 25. Rde1 Nc6 26. Qd1 Bh4 27. Re3 Nxe5 28. fxe5 c5 29. dxc5 Qe7 30. Qg4 Bg5 31. Rg3 Qxc5+ 32. Kh2 Be6 33. Qe4 Rfd8 34. Qh7+ Kf8 35. Bxg5 hxg5 36. Rxg5 Ke7 37. Qh4 Kd7 38. Rxg7 Qxe5+ 39. Qg3 Qxg3+ 40. Kxg3 Ke7 41. Bc2 Rg8 42. Rxg8 Rxg8+ 43. Kh2 Rc8 44. Bd3 Rxc3 45. Bxb5 Bxa2 46. Ra1 Rc2 47. Bd3 Rb2 48. h4 a5 49. h5 Bd5 50. Bf1 Ra2 51. Rd1 Be4 52. Rd4 Bf5 53. Rf4 Be6 54. h6 Rd2 55. h7 Rd8 1/2-1/2

[Event "CRI-ch"]
[Site "San Jose"]
[Date "2001.06.14"]
[Round "11"]
[White "Hernandez Basante, Francisco"]
[Black "Charpentier Morales, William"]
[Result "1/2-1/2"]
[WhiteElo "2265"]
[BlackElo "2236"]
[PlyCount "69"]
[EventDate "2001.05.26"]
[EventType "swiss"]
[EventRounds "13"]
[EventCountry "CRI"]
[SourceTitle "CBM 082 Extra"]
[Source "ChessBase"]
[SourceDate "2001.07.03"]
[SourceVersion "1"]
[SourceVersionDate "2001.07.03"]
[SourceQuality "1"]

1. d4 e6 2. e4 c5 3. c3 Qb6 4. Nf3 cxd4 5. cxd4 Nf6 6. e5 Nd5 7. Be2 Bb4+ 8. Bd2 Nc6 9. a3 Be7 10. Bc1 d6 11. exd6 Bxd6 12. 0-0 0-0 13. Nc3 Nf4 14. Bc4 Ng6 15. Be3 Bf4 16. Qd2 Na5 17. Ba2 Bxe3 18. Qxe3 Bd7 19. b4 Nc6 20. h4 Nce7 21. g4 Rac8 22. Rac1 Qd6 23. Ne5 Nd5 24. Nxd5 exd5 25. Nxd7 Qxd7 26. Qg3 Ne7 27. Rfe1 Rxc1 28. Rxc1 Rc8 29. Rxc8+ Qxc8 30. Qf3 Qe6 31. Kg2 Ng6 32. Kf1 Ne7 33. Kg2 Ng6 34. Kf1 Ne7 35. Kg2 1/2-1/2

[Event "CRI-ch"]
[Site "San Jose"]
[Date "2001.06.05"]
[Round "9"]
[White "Bermudez Vives, Sergio"]
[Black "Charpentier Morales, William"]
[Result "0-1"]
[WhiteElo "2168"]
[BlackElo "2236"]
[PlyCount "76"]
[EventDate "2001.05.26"]
[EventType "swiss"]
[EventRounds "13"]
[EventCountry "CRI"]
[SourceTitle "CBM 082 Extra"]
[Source "ChessBase"]
[SourceDate "2001.07.03"]
[SourceVersion "1"]
[SourceVersionDate "2001.07.03"]
[SourceQuality "1"]

1. d4 Nf6 2. c4 e6 3. Nf3 Bb4+ 4. Bd2 Qe7 5. Qc2 0-0 6. e3 b6 7. Bd3 Bb7 8. Nc3 d6 9. 0-0-0 Nbd7 10. Kb1 Rfc8 11. h4 Nf8 12. Rh3 e5 13. Bf5 Re8 14. g4 g6 15. g5 Nh5 16. Bg4 exd4 17. Nxd4 Bxc3 18. Bxc3 Be4 19. Rd3 c5 20. Ne2 d5 21. f3 Bxd3 22. Qxd3 Qxe3 23. f4 Qxd3+ 24. Rxd3 d4 25. Bd2 Ng7 26. Ng3 Re7 27. h5 gxh5 28. Bxh5 Nxh5 29. Nxh5 Nd7 30. Rg3 Re2 31. Kc1 Rh2 32. Nf6+ Nxf6 33. gxf6+ Kf8 34. f5 Re8 35. Kd1 Rh1+ 36. Kc2 Re2 37. b4 Rhh2 38. Rd3 Rxd2+ 0-1

[Event "CRI-ch"]
[Site "San Jose"]
[Date "2001.06.02"]
[Round "6"]
[White "Charpentier Morales, William"]
[Black "Murillo Tsijli, Alexis"]
[Result "0-1"]
[WhiteElo "2236"]
[BlackElo "2374"]
[PlyCount "72"]
[EventDate "2001.05.26"]
[EventType "swiss"]
[EventRounds "13"]
[EventCountry "CRI"]
[SourceTitle "CBM 082 Extra"]
[Source "ChessBase"]
[SourceDate "2001.07.03"]
[SourceVersion "1"]
[SourceVersionDate "2001.07.03"]
[SourceQuality "1"]

1. d4 d5 2. c4 e6 3. Nc3 Be7 4. Nf3 Nf6 5. Bg5 h6 6. Bxf6 Bxf6 7. e4 dxe4 8. Nxe4 Nc6 9. Nxf6+ Qxf6 10. Be2 0-0 11. Qd2 b6 12. Qc3 Bb7 13. 0-0-0 Rfd8 14. Rd2 a5 15. Bd3 Nb4 16. Bb1 Be4 17. b3 Bxb1 18. Kxb1 c5 19. Kb2 cxd4 20. Nxd4 Nc6 21. Rhd1 Nxd4 22. Rxd4 Qxf2+ 23. R1d2 Qf6 24. Rxd8+ Rxd8 25. Qxf6 Rxd2+ 26. Kc3 gxf6 27. Kxd2 Kf8 28. a3 Ke7 29. b4 axb4 30. axb4 f5 31. Ke3 e5 32. g3 h5 33. h4 Ke6 34. Kd3 e4+ 35. Kd2 Ke5 36. Ke3 f6 0-1

[Event "CRI-ch"]
[Site "San Jose"]
[Date "2000.06.19"]
[Round "1"]
[White "Gonzalez Acosta, Bernal Manuel"]
[Black "Charpentier Morales, William"]
[Result "1-0"]
[WhiteElo "2416"]
[BlackElo "2246"]
[PlyCount "149"]
[EventDate "2000.06.19"]
[EventType "tourn"]
[EventRounds "11"]
[EventCountry "CRI"]
[EventCategory "2"]
[SourceTitle "EXT 2001"]
[Source "ChessBase"]
[SourceDate "2000.11.22"]
[SourceVersion "1"]
[SourceVersionDate "2000.11.22"]
[SourceQuality "1"]

1. e4 e5 2. Nf3 Nf6 3. Nxe5 d6 4. Nf3 Nxe4 5. d3 Nf6 6. d4 d5 7. Bd3 Bg4 8. h3 Bh5 9. 0-0 Be7 10. Re1 0-0 11. g4 Bg6 12. Ne5 Bxd3 13. Qxd3 c5 14. Qb5 Nc6 15. Nxc6 bxc6 16. Qxc6 cxd4 17. Bg5 Rc8 18. Qa4 Rc4 19. Qb3 Qc7 20. Nd2 Rb4 21. Qd3 Nxg4 22. hxg4 Bxg5 23. Nb3 Rb6 24. Nxd4 Qf4 25. Re3 Bh4 26. Nf3 Qxg4+ 27. Kf1 Rxb2 28. Rae1 Qh3+ 29. Kg1 Rb4 30. Ne5 Qe6 31. R1e2 Rf4 32. f3 Bd8 33. Rh2 h6 34. Kg2 Bb6 35. Re2 Rf5 36. Ng4 Qg6 37. Rxh6 gxh6 38. Qxf5 h5 39. Qxh5 Qxh5 40. Nf6+ Kh8 41. Nxh5 Rg8+ 42. Kh3 Rg5 43. Re8+ Kh7 44. Kh4 Rg6 45. Nf4 Bf2+ 46. Kh5 Ra6 47. Re7 Kg7 48. Re2 Bd4 49. Rd2 Be5 50. Nxd5 Rxa2 51. Kg5 a5 52. Kf5 Ba1 53. Rd1 Bb2 54. c4 Ba3 55. Nf6 Rf2 56. f4 Bb2 57. Rg1+ Kf8 58. Rg8+ Ke7 59. Re8+ Kd6 60. Ne4+ Kd7 61. Ra8 Rf1 62. Rxa5 Bc1 63. Nc5+ Kc6 64. Nd3 Be3 65. Ke4 Bg1 66. Rf5 Ra1 67. Rxf7 Ra4 68. Ne5+ Kb6 69. Rg7 Ra1 70. Nd3 Rf1 71. f5 Bh2 72. Rg2 Bc7 73. f6 Kb7 74. Nc5+ Ka7 75. Ne6 1-0

[Event "CRI-ch"]
[Site "San Jose"]
[Date "2000.??.??"]
[Round "5"]
[White "Minero Pineda, Sergio"]
[Black "Charpentier Morales, William"]
[Result "1-0"]
[WhiteElo "2412"]
[BlackElo "2246"]
[PlyCount "90"]
[EventDate "2000.06.19"]
[EventType "tourn"]
[EventRounds "11"]
[EventCountry "CRI"]
[EventCategory "2"]
[SourceTitle "EXT 2001"]
[Source "ChessBase"]
[SourceDate "2000.11.22"]
[SourceVersion "1"]
[SourceVersionDate "2000.11.22"]
[SourceQuality "1"]

1. Nf3 Nf6 2. c4 d6 3. d4 g6 4. g3 Bg7 5. Bg2 0-0 6. Nc3 Nbd7 7. 0-0 c6 8. e4 Qc7 9. h3 Re8 10. Be3 e5 11. d5 c5 12. Ne1 a6 13. a4 Rb8 14. Nd3 b6 15. Qd2 Nh5 16. Kh2 f5 17. f3 Rf8 18. f4 Qd8 19. Rae1 Bf6 20. Bf2 Rf7 21. exf5 gxf5 22. Qe2 Ng7 23. fxe5 Nxe5 24. Nxe5 Bxe5 25. Be3 Qf8 26. Bf4 Bd4 27. Bf3 Bd7 28. Qd3 Re8 29. b4 Be5 30. bxc5 Bxf4 31. gxf4 bxc5 32. Rc1 Rfe7 33. Qd2 Qf6 34. a5 Re1 35. Rfxe1 Rxe1 36. Qxe1 Qd4 37. Ne2 Qxc4 38. Qh4 Qd3 39. Qd8+ Be8 40. Kg2 Qd2 41. Qxd6 Qxa5 42. Qe7 h6 43. d6 Qd2 44. Kf2 c4 45. Bh5 Ba4 1-0

[Event "CRI-ch"]
[Site "Antiguo"]
[Date "1999.08.14"]
[Round "12"]
[White "Valdes Romero, Leonardo"]
[Black "Charpentier Morales, William"]
[Result "1/2-1/2"]
[WhiteElo "2263"]
[BlackElo "2250"]
[PlyCount "222"]
[EventDate "1999.07.31"]
[EventType "tourn"]
[EventRounds "13"]
[EventCountry "CRI"]
[EventCategory "2"]
[SourceTitle "EXT 2000"]
[Source "ChessBase"]
[SourceDate "1999.11.16"]
[SourceVersion "1"]
[SourceVersionDate "1999.11.16"]
[SourceQuality "1"]

1. Nf3 Nf6 2. c4 g6 3. g3 Bg7 4. Bg2 0-0 5. 0-0 d6 6. d4 Nbd7 7. Qc2 e5 8. Rd1 exd4 9. Nxd4 Re8 10. Nc3 a5 11. Ndb5 Nc5 12. e4 Bg4 13. f3 Be6 14. b3 Qe7 15. Be3 Rad8 16. Qf2 Nfd7 17. h3 Na6 18. Rac1 Ndc5 19. Nd4 Nb4 20. Bf1 c6 21. Kh2 Bc8 22. Rb1 Ne6 23. a3 Na6 24. Nxe6 Bxe6 25. Na4 c5 26. Qd2 Qc7 27. Bg5 Rd7 28. Nc3 Be5 29. Nb5 Qb6 30. f4 Bg7 31. Qf2 f6 32. Bh4 Bf7 33. Bg2 Nc7 34. Nc3 Qa6 35. g4 f5 36. e5 Be6 37. Bd5 dxe5 38. Na4 Nxd5 39. Nxc5 Qb6 40. Nxd7 Qxf2+ 41. Bxf2 Nc3 42. Nxe5 Nxb1 43. Rxb1 g5 44. Nd3 fxg4 45. Re1 gxh3 46. Nc5 Bf7 47. Rxe8+ Bxe8 48. fxg5 Bc6 49. Kxh3 Bc3 50. Kg4 Bb2 51. b4 b6 52. b5 Bg2 53. Na4 Bxa3 54. Nxb6 Bf1 55. Kf5 Bc1 56. Be1 Bd3+ 57. Kg4 Be2+ 58. Kh4 Be3 59. Nd5 Bd4 60. Ne7+ Kf7 61. Nc6 Be3 62. Bxa5 Bf2+ 63. Kh3 Ke6 64. b6 Bxb6 65. Bxb6 Bxc4 66. Kh4 Kd6 67. Nd4 Bf7 68. Kg4 Ke5 69. Nf3+ Ke4 70. Nh4 Be8 71. Bc7 Bf7 72. Ng2 Be8 73. Ne1 Bf7 74. Nc2 Kd5 75. Nb4+ Ke6 76. Nd3 Kd5 77. Bb8 Ke4 78. Nc5+ Kd5 79. Nd3 Ke6 80. Nf4+ Ke7 81. Ba7 Be8 82. Bc5+ Kf7 83. Bd4 Kf8 84. Bf6 Bf7 85. Kf5 Be8 86. Ne6+ Kg8 87. Ke5 Kf7 88. Kd6 Ba4 89. Nf4 Bc2 90. Ke5 Bb1 91. Ne2 Bc2 92. Nd4 Bb1 93. Bd8 Kg6 94. Ne6 Kf7 95. Nf4 Bc2 96. Kd4 Bb1 97. Ke3 Bf5 98. Kf3 Ke8 99. Bb6 Kf7 100. Kg3 Bc2 101. Nd5 Kg6 102. Ne3 Bd3 103. Bd8 Be2 104. Nd5 Bd1 105. Kh4 Bf3 106. Ne7+ Kf7 107. Nf5 Kg6 108. Kg3 Kxf5 109. Kxf3 Kg6 110. Kg4 h6 111. gxh6 Kxh6 1/2-1/2

[Event "CRI-ch"]
[Site "Antiguo"]
[Date "1999.08.03"]
[Round "3"]
[White "Charpentier Morales, William"]
[Black "Minero Pineda, Sergio"]
[Result "0-1"]
[WhiteElo "2250"]
[BlackElo "2382"]
[PlyCount "104"]
[EventDate "1999.07.31"]
[EventType "tourn"]
[EventRounds "13"]
[EventCountry "CRI"]
[EventCategory "2"]
[SourceTitle "EXT 2000"]
[Source "ChessBase"]
[SourceDate "1999.11.16"]
[SourceVersion "1"]
[SourceVersionDate "1999.11.16"]
[SourceQuality "1"]

1. e4 e6 2. d4 d5 3. Nd2 Nf6 4. Bd3 c5 5. c3 Nc6 6. Ne2 cxd4 7. cxd4 dxe4 8. Nxe4 Be7 9. 0-0 0-0 10. Ng5 Nb4 11. Bb1 b6 12. a3 Nbd5 13. Qd3 g6 14. Ng3 Bb7 15. h4 Rc8 16. Nf3 Ng4 17. h5 Qc7 18. Ba2 Qc2 19. Qxc2 Rxc2 20. Bb3 Rc7 21. Ne5 Ngf6 22. hxg6 hxg6 23. Bh6 Rd8 24. Rfe1 Ne8 25. Rad1 g5 26. Ne4 f6 27. Ng6 Kh7 28. Nxe7 Rxe7 29. Bxg5 fxg5 30. Nxg5+ Kh6 31. Rxe6+ Kxg5 32. Bxd5 Rxe6 33. Bxe6 Nc7 34. Bb3 Bd5 35. Bc2 Ne6 36. f3 Bc6 37. Bb3 Rxd4 38. Rxd4 Nxd4 39. Bg8 Kf4 40. Kf2 Nf5 41. Bc4 Ke5 42. Bd3 Bd5 43. g3 Nd6 44. a4 Kd4 45. Bh7 a5 46. g4 Bb3 47. Ke2 Bxa4 48. g5 Bd7 49. Bg8 Bf5 50. b3 Bg6 51. Kd2 b5 52. Ke2 Nf7 0-1

[Event "CRI-chT"]
[Site "Costa Rica"]
[Date "1998.??.??"]
[Round "3"]
[White "Valdes Romero, Leonardo"]
[Black "Charpentier Morales, William"]
[Result "1/2-1/2"]
[WhiteElo "2285"]
[BlackElo "2295"]
[PlyCount "82"]
[EventDate "1998.??.??"]
[EventType "team-tourn"]
[EventRounds "11"]
[EventCountry "CRI"]
[SourceTitle "EXT 2002"]
[Source "ChessBase"]
[SourceDate "2001.11.25"]
[SourceVersion "1"]
[SourceVersionDate "2001.11.25"]
[SourceQuality "1"]

1. Nf3 d5 2. d4 c6 3. e3 Bf5 4. c4 Bxb1 5. Rxb1 e6 6. a3 Nf6 7. Qc2 Nbd7 8. Bd3 Bd6 9. 0-0 0-0 10. b4 Rc8 11. e4 dxe4 12. Bxe4 Nxe4 13. Qxe4 Nf6 14. Qe2 h6 15. Ne5 a6 16. Rb3 Bb8 17. Rd1 b5 18. Rg3 Kh8 19. Qf3 bxc4 20. Rh3 Qd5 21. Qe2 a5 22. Nxc4 Bc7 23. bxa5 Bxa5 24. Bf4 Bc7 25. Be5 Ng8 26. Bxc7 Rxc7 27. Ne5 Nf6 28. Rc3 Ra8 29. Qc2 Ne4 30. Re3 Nd6 31. a4 Rca7 32. Qxc6 Qxc6 33. Nxc6 Rxa4 34. h3 Rc8 35. d5 Nc4 36. Rf3 exd5 37. Ne7 Re8 38. Nxd5 Rd8 39. Kh2 Ra5 40. Nc3 Rxd1 41. Nxd1 Kg8 1/2-1/2

[Event "Soto Memorial"]
[Site "San Jose"]
[Date "1997.??.??"]
[Round "3"]
[White "Charpentier Morales, William"]
[Black "Frometa Castillo, Zirka"]
[Result "1/2-1/2"]
[WhiteElo "2300"]
[BlackElo "2205"]
[PlyCount "28"]
[EventDate "1997.??.??"]
[EventType "tourn"]
[EventRounds "11"]
[EventCountry "CRI"]
[EventCategory "2"]
[SourceTitle "EXT 2001"]
[Source "ChessBase"]
[SourceDate "2000.11.22"]
[SourceVersion "1"]
[SourceVersionDate "2000.11.22"]
[SourceQuality "1"]

1. e4 g6 2. d4 Bg7 3. Nc3 d6 4. Be2 Nf6 5. g4 d5 6. e5 Ne4 7. Nb1 e6 8. Be3 c5 9. c3 Nc6 10. Kf1 f6 11. f3 fxe5 12. fxe4 exd4 13. cxd4 cxd4 14. Bf2 dxe4 1/2-1/2

[Event "CRI-ch"]
[Site "Costa Rica"]
[Date "1997.??.??"]
[Round "9"]
[White "Charpentier Morales, William"]
[Black "Jimenez Molina, Juan Leon"]
[Result "1-0"]
[WhiteElo "2195"]
[BlackElo "2135"]
[PlyCount "51"]
[EventDate "1997.??.??"]
[EventType "tourn"]
[EventRounds "19"]
[EventCountry "CRI"]
[SourceTitle "EXT 1999"]
[Source "ChessBase"]
[SourceDate "1998.11.16"]
[SourceVersion "1"]
[SourceVersionDate "1998.11.16"]
[SourceQuality "1"]

1. e4 g6 2. d4 Bg7 3. Be2 c5 4. d5 d6 5. c4 Nf6 6. Nc3 0-0 7. Bg5 Na6 8. Qd2 Nc7 9. f4 h6 10. Bh4 Qe8 11. Nf3 Bg4 12. 0-0 Nd7 13. e5 Bxf3 14. Bxf3 dxe5 15. d6 exd6 16. Qxd6 Qc8 17. Nd5 Nxd5 18. Bxd5 Nb6 19. Be7 Re8 20. fxe5 Nxd5 21. cxd5 Qg4 22. Rae1 Qd4+ 23. Kh1 Qxb2 24. Rxf7 Bxe5 25. Qe6 Bg7 26. Rf8+ 1-0